[Event "FSIMA February"]
[Site "Budapest HUN"]
[Date "2001.02.12"]
[Round "9"]
[White "Sendur,A"]
[Black "Suranyi,P"]
[Result "1-0"]
[WhiteElo "2303"]
[BlackElo "2163"]

1.e4 c5 2.Nf3 d6 3.Bb5+ Nd7 4.d4 cxd4 5.Qxd4 e5 6.Qd3 h6 7.Be3 Nf6 8.Nc3 a6
9.Bc4 b5 10.Bb3 Bb7 11.a4 b4 12.Nd5 Rc8 13.Nd2 Nxd5 14.exd5 Be7 15.O-O O-O
16.a5 f5 17.Nc4 Nc5 18.Bxc5 Rxc5 19.Nb6 e4 20.Qd2 Rxa5 21.Rxa5 Qxb6 22.Ra4 a5
23.Qe3 Qxe3 24.fxe3 Bd8 25.Rfa1 f4 26.exf4 Rxf4 27.Rxa5 Bb6+ 28.Kh1 e3 29.g3 Rd4
30.Rb5 e2 31.c3 Bxd5+ 32.Rxd5 Kh8  1-0

[Event "FSGM February"]
[Site "Budapest HUN"]
[Date "2001.02.14"]
[Round "11"]
[White "Estrada Nieto,J"]
[Black "Szeberenyi,A"]
[Result "1-0"]
[WhiteElo "2372"]
[BlackElo "2411"]

1.e4 c5 2.Nf3 d6 3.Bb5+ Bd7 4.Bxd7+ Qxd7 5.O-O Nc6 6.b3 Nf6 7.Re1 e6 8.Bb2 Be7
9.d4 cxd4 10.Nxd4 O-O 11.c4 a6 12.Nc3 Qc7 13.Rc1 Rfd8 14.Nd5 exd5 15.cxd5 Nd7
16.dxc6 bxc6 17.Rxc6 Qb7 18.Qc2 Bf8 19.Qc4  1-0

[Event "ch-ROM"]
[Site "Baile Tusnad ROM"]
[Date "2001.02.15"]
[Round "10"]
[White "Lupulescu,C"]
[Black "Florean,A"]
[Result "1/2-1/2"]
[WhiteElo "2348"]
[BlackElo "2436"]

1.e4 c5 2.Nf3 d6 3.Bb5+ Nd7 4.d4 Nf6 5.Nc3 cxd4 6.Qxd4 e5 7.Qd3 h6 8.Be3 Be7
9.Bc4 a6 10.a4 Qc7 11.b4 Nb6 12.Bb3 Be6 13.Nd2 Bxb3 14.cxb3 Rc8 15.Rc1 d5
16.Bxb6 Qxb6 17.O-O dxe4 18.Ndxe4 O-O 19.Nxf6+ Bxf6 20.Nd5 Qe6 21.Nxf6+ Qxf6
22.b5  1/2-1/2

[Event "US Amateur Team East"]
[Site "Parsippany USA"]
[Date "2001.02.18"]
[Round "3"]
[White "Sherman,D"]
[Black "Zaremba,An"]
[Result "1/2-1/2"]
[WhiteElo "2157"]
[BlackElo "2293"]

1.e4 c5 2.Nf3 d6 3.Bb5+ Bd7 4.a4 Nc6 5.O-O Nf6 6.Re1 e6 7.Na3 a6 8.Bxc6 Bxc6
9.e5 dxe5 10.Nxe5 Bxa4 11.b3 Bd7 12.Qf3 Qc7 13.d3 Bd6 14.Nac4 Bxe5 15.Rxe5 O-O
16.Bf4 b5 17.Rg5 Qd8 18.Nb6 Qxb6 19.Rxg7+ Kxg7 20.Be5 Rg8 21.Bxf6+ Kg6 22.h4 h5
23.Re1 Bc6 24.Qf4 Kh7 25.Re5 Rxg2+ 26.Kf1 Rg7 27.Rxh5+ Kg8 28.Bxg7 f5 29.Qh6 Bg2+
30.Kg1 Bf3 31.Rg5 Kf7 32.Qf6+ Ke8 33.Qf8+ Kd7 34.Qf7+ Kd6 35.Rg6 Bd5 36.c4 bxc4
37.dxc4 Qxb3 38.cxd5 Qxd5 39.Bf8+ Kc6 40.Rxe6+ Kb5 41.Qf6 Rxf8 42.Qb2+ Kc4
43.Qe2+ Qd3 44.Qa2+ Kc3 45.Qa3+ Kd2 46.Qb2+ Kd1 47.Rg6 f4 48.Rg5 Re8 49.Qa1+ Ke2
50.Qf1+ Kd2 51.Qxd3+ Kxd3 52.Rxc5 Rg8+ 53.Kf1 Ra8 54.Ra5 f3 55.Re5 a5 56.Re3+ Kc2
57.Rxf3 a4 58.Rf7 a3 59.Rc7+ Kd3 60.Rc1 a2 61.Ra1 Kc2 62.Ke2 Kb2 63.Rxa2+ Kxa2
64.Ke3 Kb3 65.Ke4 Kc4 66.f4 Rh8 67.Ke5 Kc5 68.f5 Kc6 69.Ke6 Rxh4 70.f6 Re4+
71.Kf5 Re1 72.f7 Kd7 73.f8=N+ Kd6 74.Ng6 Re8 75.Kf6 Rg8 76.Kf7 Ra8 77.Kf6 Ra5
78.Nh4 Rh5 79.Nf5+ Kd5 80.Ne7+ Ke4 81.Kg6 Rh1 82.Kf6 Rh2 83.Ng6 Rh5 84.Ne7 Ra5
85.Kf7 Ra6 86.Ng6 Kf5 87.Ne7+ Kg5 88.Kg7 Rf6 89.Ng8 Rf1 90.Nh6 Kh5 91.Nf7 Rf2
92.Ne5 Rf1 93.Nf7 Rf5 94.Nd6 Rf1 95.Nf7 Rf5 96.Nd6 Ra5 97.Kf6  1/2-1/2

[Event "ch-ROM"]
[Site "Baile Tusnad ROM"]
[Date "2001.02.20"]
[Round "15"]
[White "Sofronie,I"]
[Black "Navrotescu,C"]
[Result "1/2-1/2"]
[WhiteElo "2399"]
[BlackElo "2451"]

1.e4 c5 2.Nf3 d6 3.Bb5+ Bd7 4.Bxd7+ Qxd7 5.O-O Nf6 6.Re1 Nc6 7.b3 g6 8.c3 Bg7
9.d4 cxd4 10.cxd4 d5 11.e5 Ne4 12.Nbd2 Nxd2 13.Bxd2 O-O 14.Bf4 Nd8 15.Qd2 Ne6
16.Bh6 Rac8 17.Bxg7 Kxg7 18.Rac1 Rxc1 19.Rxc1 Rc8 20.Rxc8 Qxc8 21.h4 h5 22.Ng5  1/2-1/2

[Event "ENG-GER match women"]
[Site "Battle Abbey ENG"]
[Date "2001.02.22"]
[Round "8"]
[White "Lauterbach,I"]
[Black "Heymann,U"]
[Result "1/2-1/2"]
[WhiteElo "2179"]
[BlackElo "2216"]

1.e4 c5 2.Nf3 d6 3.Bb5+ Nd7 4.O-O a6 5.Bc4 e6 6.Re1 Ngf6 7.c3 b5 8.Bf1 Bb7
9.d3 Be7 10.Nbd2 O-O 11.Qb3 Nb6 12.c4 bxc4 13.dxc4 Qc7 14.Qc2 d5 15.cxd5 exd5
16.e5 Nfd7 17.Nb3 Rfe8 18.Bf4 Nf8 19.Bg5 Ne6 20.Bxe7 Rxe7 21.Rac1 c4 22.Qd2 Rae8
23.Nbd4 Nc5 24.Nf5 Re6 25.Nd6 Rf8 26.Nxb7 Qxb7 27.Nd4 Rg6 28.b3 Ne6 29.g3 Rg4
30.Nxe6 fxe6 31.h3 Rg6 32.bxc4 Nxc4 33.Bxc4 dxc4 34.Rxc4 Rh6 35.h4 Rh5 36.Rf4 Rhf5
37.Rxf5 Rxf5 38.Qd6 Qf7 39.Re2 a5 40.Qd8+ Qf8 41.Qxa5 Qb8 42.f4 Rf8 43.Qa6 Qb1+
44.Kg2 Qf5 45.Qc4 Rd8 46.a4 Rd3 47.Rb2 h6 48.Kh2 Qg6 49.Rg2 Ra3 50.Qc8+ Kf7
51.Qc7+ Kg8 52.a5 Ra1 53.Qc8+ Kh7 54.Qc3 Ra4 55.Rb2 h5 56.Rd2 Qf5 57.Qc7 Rxf4
58.Qc2 Qxc2 59.Rxc2 Ra4 60.Rc6 Rxa5 61.Rxe6 Kg8 62.g4 hxg4 63.Kg3 Kf7 64.Rb6 Rxe5  1/2-1/2

[Event "Czech Extra League 2000-1"]
[Site "CZE"]
[Date "2001.02.24"]
[Round "6"]
[White "Velicka,P"]
[Black "Chmiel,P"]
[Result "1-0"]
[WhiteElo "2451"]
[BlackElo "2281"]

1.e4 c5 2.Nf3 d6 3.Bb5+ Bd7 4.Bxd7+ Qxd7 5.c4 e5 6.Nc3 Ne7 7.d3 Nbc6 8.O-O g6
9.a3 Bg7 10.Rb1 O-O 11.b4 b6 12.Nd5 Nxd5 13.exd5 Nd8 14.Re1 f6 15.Bd2 Nf7
16.a4 f5 17.Qc2 Bf6 18.bxc5 bxc5 19.Rb5 Rae8 20.Bc3 g5 21.Nd2 Re7 22.a5 Nd8
23.a6 g4 24.Reb1 f4 25.Ne4 g3 26.fxg3 fxg3 27.hxg3 Qg4 28.Rf1 Bg5 29.Rxf8+ Kxf8
30.Bd2 Qe2 31.Qc1 Qxd3 32.Nxg5 e4 33.Qf1+ Kg7 34.Qxd3 exd3 35.Nf3 Nf7  1-0

[Event "8th Metalis Open"]
[Site "Bizovac CRO"]
[Date "2001.02.25"]
[Round "7"]
[White "Hodak,S"]
[Black "Kozul,Z"]
[Result "0-1"]
[WhiteElo "2250"]
[BlackElo "2594"]

1.e4 c5 2.Nf3 d6 3.Bb5+ Nd7 4.O-O a6 5.Bxd7+ Bxd7 6.d4 cxd4 7.Qxd4 e5 8.Qd1 h6
9.c4 Nf6 10.Nc3 Rc8 11.Nd2 Be7 12.Nd5 Nxd5 13.cxd5 O-O 14.Qb3 b5 15.Nf3 Rc4
16.Re1 Qa8 17.Nd2 Rd4 18.Nf3 Rc4 19.Nd2 Rc7 20.Nf1 f5 21.exf5 Bxf5 22.Ne3 Bg6
23.Bd2 Bh4 24.g3 Bg5 25.Bb4 Rd7 26.a4 Qb7 27.axb5 axb5 28.h4 Be7 29.Rec1 Rdd8
30.Rc6 Qd7 31.Qd1 h5 32.Qf1 Rf6 33.Rac1 Rdf8 34.Rc7 Qe8 35.Be1 Be4 36.Qh3 Bd8
37.Rb7 Qg6 38.Rc8 Bf3 39.Rbb8 Be7 40.Rxf8+ Bxf8 41.Qf1 Rf7 42.Rxb5 Rc7 43.Bc3 Be7
44.Ra5 Bxh4 45.Ra8+ Kh7 46.Kh2 Bg5 47.Rf8 Bf6 48.Qh3 Ra7 49.Qc8  0-1

[Event "IV Open"]
[Site "Malaga ESP"]
[Date "2001.02.25"]
[Round "3"]
[White "Ripari,M"]
[Black "Suba,M"]
[Result "1-0"]
[WhiteElo "2301"]
[BlackElo "2532"]

1.e4 c5 2.Nf3 d6 3.Bb5+ Nd7 4.d4 Nf6 5.Nc3 cxd4 6.Qxd4 e5 7.Qd3 h6 8.O-O Be7
9.Nd2 O-O 10.Bxd7 Bxd7 11.Nc4 Be6 12.Rd1 Qc7 13.Ne3 Rac8 14.Bd2 a6 15.a4 Rfd8
16.b3 Qc5 17.Be1 Bf8 18.a5 g6 19.Na4 Qc6 20.Nb6 Nxe4 21.Nxc8 Rxc8 22.c4 Nc5
23.Qc2 f5 24.Nd5 Bxd5 25.cxd5 Qe8 26.Rac1 Rd8 27.b4 Ne4 28.f3 Nf6 29.Bh4 Be7
30.Bf2 Qf7 31.Bb6 Re8 32.Qb3 Bd8 33.Bf2 Qd7 34.Qc4 Kf7 35.Rc2 g5 36.Rb1 Kg6
37.b5 Bxa5 38.bxa6 bxa6 39.Qxa6 Qa4 40.Rcc1 e4 41.Ra1 Qb3 42.Qxa5 e3 43.Be1 e2
44.Qc3 Qxd5 45.Ra6 Re6 46.Qd2 Qe5 47.Rcc6 Ne8 48.Qd3 Kh5 49.Rc2 Nf6 50.Raa2 f4
51.Rxe2 Qc5+ 52.Kh1  1-0

[Event "Open"]
[Site "Cappelle la Grande FRA"]
[Date "2001.03.02"]
[Round "8"]
[White "Vallet,M"]
[Black "Atalik,S"]
[Result "1-0"]
[WhiteElo "2247"]
[BlackElo "2543"]

1.e4 c5 2.Nf3 d6 3.Bb5+ Bd7 4.Bxd7+ Qxd7 5.O-O Nf6 6.e5 dxe5 7.Nxe5 Qd6 8.Re1 Nc6
9.Nc4 Qd7 10.Nc3 e6 11.d3 Be7 12.Bf4 O-O 13.Re3 Nd5 14.Nxd5 Qxd5 15.a4 f6
16.Rg3 Rf7 17.Rh3 Bf8 18.a5 Rd8 19.Be3 e5 20.Qh5 g6 21.Qh4 Qe6 22.Re1 Nb4
23.Rc1 g5 24.Rg3 Rg7 25.Qh3 Qxh3 26.Rxh3 Nd5 27.g4 b5 28.Nd2 Nf4 29.Bxf4 gxf4
30.f3 c4 31.Kf1 f5 32.Rh5 Bb4 33.c3 Rxd3 34.Rc2 Rgd7 35.Rg5+ Kh8 36.cxb4 Rxd2
37.Rxd2 Rxd2 38.gxf5 h6 39.Rg6 Rxb2 40.f6 Rd2 41.f7 Rd8 42.Rd6 Rf8 43.Rd7 Kg7
44.Rxa7 Rc8 45.Re7 Rc6 46.Ke2 Rg6 47.Rxe5 Rg2+ 48.Kf1 Rxh2 49.Rxb5 c3 50.Rc5 Rb2
51.b5 c2 52.b6 h5 53.Rxc2 Rxc2 54.b7 Rb2 55.a6 Kxf7 56.a7 Rxb7 57.a8=Q Rb1+
58.Kg2 Rb2+ 59.Kh3 Re2 60.Qd5+ Kf6 61.Qxh5 Re5 62.Qh8+ Kf5 63.Qf8+ Kg5 64.Qg7+ Kf5
65.Qg4+  1-0

[Event "Open"]
[Site "Cappelle la Grande FRA"]
[Date "2001.03.03"]
[Round "9"]
[White "Belikov,V"]
[Black "Degraeve,JM"]
[Result "1/2-1/2"]
[WhiteElo "2502"]
[BlackElo "2589"]

1.e4 c5 2.Nf3 d6 3.Bb5+ Nc6 4.Bxc6+ bxc6 5.O-O e5 6.c3 g5 7.d3 h6 8.Be3 Bg7
9.Na3 Ne7 10.d4 cxd4 11.cxd4 d5 12.dxe5 dxe4 13.Nd2 Bxe5 14.Nac4 Bg7 15.Nxe4 Be6
16.Qxd8+ Kxd8 17.Rac1 Bd5 18.Rfd1 Kc7 19.Nc5 Rad8 20.Bd2 Nc8 21.Ba5+ Nb6
22.Na6+ Kb7 23.Nc5+ Kc7 24.Na6+ Kb7 25.Nc5+  1/2-1/2

[Event "Millennium II Open"]
[Site "Virginia Beach USA"]
[Date "2001.03.03"]
[Round "2"]
[White "Negulescu,A"]
[Black "Mazock,M"]
[Result "1-0"]
[WhiteElo "2510"]
[BlackElo "2165"]

1.e4 c5 2.Nf3 d6 3.Bb5+ Nd7 4.d4 cxd4 5.Qxd4 a6 6.Bxd7+ Bxd7 7.O-O Nf6 8.Bg5 Qc7
9.Nc3 Rc8 10.Rfe1 Qc5 11.Qd2 h6 12.Bh4 g5 13.Bg3 Nh5 14.e5 Nxg3 15.hxg3 dxe5
16.Nxe5 Bc6 17.Nxc6 Qxc6 18.Nd5 f6 19.Rad1 Kf7 20.Qe2 e6 21.Qh5+ Kg7 22.Ne3 Bc5
23.Ng4 Rc7 24.Rd3 Qe8 25.Qxe8 Rxe8 26.c3 h5 27.Ne3 Kf7 28.Red1 Ree7 29.Kf1 Bxe3
30.fxe3 Ke8 31.Rd8+ Kf7 32.Ke2 Re8 33.R8d6 Rc4 34.Rb6 Re7 35.Rd8 h4 36.gxh4 Rxh4
37.Rb8 f5 38.R8xb7 Rxb7 39.Rxb7+ Kf6 40.Rb6 Rg4 41.Kf3 Ra4 42.a3 g4+ 43.Ke2 f4
44.exf4 Re4+ 45.Kf2 Rxf4+ 46.Kg3 Re4 47.Rxa6 Re2 48.Rb6 Kf5 49.a4 e5 50.a5 Re1
51.a6 Ra1 52.b4 Ra3 53.Rc6 e4 54.Rc5+ Ke6 55.Kxg4 Rxa6 56.Kf4 Ra2 57.g4 Rg2  1-0

[Event "Millennium II Open"]
[Site "Virginia Beach USA"]
[Date "2001.03.03"]
[Round "3"]
[White "Negulescu,A"]
[Black "Yudasin,L"]
[Result "1/2-1/2"]
[WhiteElo "2510"]
[BlackElo "2568"]

1.e4 c5 2.Nf3 d6 3.Bb5+ Nd7 4.d4 cxd4 5.Qxd4 h6 6.O-O e5 7.Qd3 Nf6 8.Nc3 Be7
9.Nd2 O-O 10.Bxd7 Bxd7 11.Nc4 Qc7 12.Ne3 Be6  1/2-1/2

[Event "TCh-FIN 00-01"]
[Site "FIN"]
[Date "2001.03.10"]
[Round "8"]
[White "Jouhki,Y"]
[Black "Mertanen,J"]
[Result "1-0"]
[WhiteElo "2275"]
[BlackElo "2193"]

1.Nf3 c5 2.e4 d6 3.Bb5+ Nd7 4.c3 Nf6 5.Qe2 a6 6.Ba4 e5 7.O-O Be7 8.d4 O-O
9.dxe5 dxe5 10.Rd1 Qc7 11.Bc2 Re8 12.a4 b6 13.Nbd2 Bb7 14.Bb3 b5 15.axb5 axb5
16.Rxa8 Rxa8 17.Ng5 c4 18.Nxc4 bxc4 19.Bxc4 Rf8 20.b4 h6 21.Nxf7 Rxf7 22.Qa2 Nd5
23.exd5 Bd6 24.Be3 e4 25.Qb3 Bxh2+ 26.Kh1 Bd6 27.Be2 Qd8 28.g3 Ne5 29.c4 Qd7
30.Kg2 Bc8 31.Rh1 Qf5 32.c5 Nd3 33.cxd6 Nxf2 34.Rh5 Qf6 35.Qc4 Bg4 36.Bxg4 Nxg4
37.Qc8+ Kh7 38.Qxg4 Qf1+ 39.Kh2  1-0

[Event "Bundesliga 2000-1"]
[Site "Tegernsee GER"]
[Date "2001.03.10"]
[Round "10"]
[White "Pfretzschner,R"]
[Black "Grafl,F"]
[Result "1/2-1/2"]
[WhiteElo "2292"]
[BlackElo "2337"]

1.e4 c5 2.Nf3 d6 3.Bb5+ Nd7 4.d4 Nf6 5.Nc3 cxd4 6.Qxd4 a6 7.Bxd7+ Bxd7 8.Bg5 Bc6
9.O-O-O Qa5 10.Bxf6 gxf6 11.Kb1 Rg8 12.Nh4 e6 13.Rhe1 O-O-O 14.Qxf6 Qc7 15.Qd4 Be7
16.g3 Bxh4 17.gxh4 Qe7 18.Nd5 Qxh4 19.Nb4 Rg2 20.Nxc6 bxc6 21.Qb6 Kd7 22.Qb7+ Ke8
23.Qxc6+ Ke7 24.e5 d5 25.Qc5+ Ke8 26.Rg1 Qg4 27.f3 Qxf3 28.a3 d4 29.Rxg2 Qxg2
30.Qc4 Qxh2 31.Qc6+ Kf8 32.Qc5+ Kg8 33.Qe7 Rc8 34.Qg5+ Kf8 35.Rd2 Qh1+ 36.Ka2 Qd5+
37.Kb1 Qe4 38.Rg2 Ke8 39.Qg8+ Ke7 40.Qxc8 Qxg2 41.Qc5+ Ke8 42.Qc8+ Ke7 43.Qc5+ Ke8  1/2-1/2

[Event "Bundesliga 2000-1"]
[Site "Wattenscheid GER"]
[Date "2001.03.10"]
[Round "10"]
[White "Joachim,S"]
[Black "Dinstuhl,V"]
[Result "1-0"]
[WhiteElo "2446"]
[BlackElo "2412"]

1.e4 c5 2.Nf3 d6 3.Bb5+ Bd7 4.Bxd7+ Qxd7 5.c4 Nc6 6.Nc3 e6 7.d4 cxd4 8.Nxd4 Nf6
9.O-O Be7 10.b3 O-O 11.Bb2 Rfd8 12.Re1 Rac8 13.Nxc6 Rxc6 14.Qe2 Rcc8 15.Rad1 Qe8
16.Rd3 a6 17.Red1 Qc6 18.Re3 Qc7 19.Kh1 b6 20.f4 Qc5 21.f5 Qc7 22.Rf1 Rf8
23.Rg3 Kh8 24.Rh3 Rce8 25.Qd3 h6 26.Bc1 Ng8 27.Bf4 Qd8 28.Qd2 Kh7 29.Rd3 e5
30.Bxe5 dxe5 31.Rxd8 Rxd8 32.Nd5 Bc5 33.b4 Bd4 34.f6 Rd6 35.fxg7 Kxg7 36.Qe2 Rg6
37.g3 Rc8 38.Qf3 f6 39.Rc1 Rg5 40.h4 Rg6 41.Kg2 Rb8 42.Rc2 Kf7 43.c5 bxc5
44.bxc5 Ne7 45.h5  1-0

[Event "1st Masters"]
[Site "Pinamar ARG"]
[Date "2001.03.11"]
[Round "4"]
[White "Rodi,L"]
[Black "Ricardi,P"]
[Result "0-1"]
[WhiteElo "2225"]
[BlackElo "2554"]

1.e4 c5 2.Nf3 d6 3.Bb5+ Nd7 4.O-O Nf6 5.e5 dxe5 6.Nxe5 a6 7.Nxd7 Bxd7 8.Bxd7+ Qxd7
9.Nc3 g6 10.Qe2 Bg7 11.Re1 O-O 12.d3 Rfe8 13.a4 Rac8 14.a5 Qc6 15.Bg5 Nd5
16.Nxd5 Qxd5 17.Bc1 c4 18.dxc4 Rxc4 19.Rd1 Qc6 20.c3 f5 21.Be3 Be5 22.Bb6 Re4
23.Qd3 Kf7 24.Re1 Qd6 25.Qxd6 Rxe1+ 26.Rxe1 Bxd6 27.c4 Rc8 28.Rc1 Be5 29.b3 Rc6
30.Kf1 h5 31.h3 Re6 32.b4 Bb2 33.Rb1 Bc3 34.Be3 Re4 35.b5 Bxa5 36.bxa6 bxa6
37.Ra1 Bc3 38.Rxa6 Rxc4 39.g3 h4 40.Ke2 hxg3 41.fxg3 Be5 42.Bf2 Rc3 43.g4 Rxh3
44.gxf5 gxf5 45.Rc6 Rc3 46.Ra6 Bf6 47.Ra5 Rc2+ 48.Kf3 Kg6 49.Bg3 Rc3+ 50.Kg2 Re3
51.Ra6 Re4 52.Kf3 e6 53.Ra8 Be5 54.Bf2 Bd4 55.Bg3 Re3+ 56.Kg2 e5 57.Rf8 Rb3
58.Bh4 f4 59.Rf6+ Kh5 60.Be1 Kg4 61.Rd6 Rb2+ 62.Kf1 Kf3 63.Rh6 Ke4 64.Rh4 Ra2
65.Rg4 Rh2 66.Ba5 Kf3  0-1

[Event "FSIMA March"]
[Site "Budapest HUN"]
[Date "2001.03.14"]
[Round "11"]
[White "Sendur,A"]
[Black "Farago,S"]
[Result "0-1"]
[WhiteElo "2303"]
[BlackElo "2285"]

1.e4 c5 2.Nf3 d6 3.Bb5+ Nd7 4.d4 cxd4 5.Qxd4 a6 6.Bxd7+ Bxd7 7.O-O Rc8 8.Nc3 e6
9.Bg5 f6 10.Be3 Ne7 11.Rad1 Nc6 12.Qd2 b5 13.a3 Be7 14.Ne2 Qc7 15.Nf4 O-O
16.c3 Rfe8 17.Rfe1 Bf8 18.Nh5 e5 19.h3 Be6 20.Nh4 Qf7 21.Qe2 g6 22.Ng3 Bb3
23.Rd2 Na5 24.Qf3 Nc4 25.Rde2 Nxe3 26.Qxe3 d5 27.Rd2 Bc5 28.Qe2 Red8 29.exd5 Rxd5
30.Rxd5 Bxd5 31.Ne4 Be7 32.Nf3 Qe6 33.Qe3 Qc6 34.h4 Qe6 35.h5 Qg4 36.hxg6 hxg6
37.Nh2 Qe6 38.Qh6 Qf7 39.Ng4 Qg7 40.Qh3 Rd8 41.Ng3 Kf8 42.Ne3 Bg8 43.Qg4 Bf7
44.Qe2 Bb3 45.c4 bxc4 46.Nxc4 Ba4 47.Qf3 Qf7 48.Rc1 Bb5 49.b3 Qd5 50.Qg4 Be8
51.Nf1 f5 52.Qg3 Bf6 53.Qc3 Kg7 54.Nfe3 Qe6 55.Qa5 f4 56.Nf1 Rd5 57.Qc7+ Rd7
58.Qc8 e4 59.Qb8 g5 60.Nb6 Rd3 61.Qb7+ Kg6 62.Na4 Rxb3 63.Nc5 Rxb7 64.Nxe6 Re7
65.Nc7 Bf7 66.Nxa6 e3 67.fxe3 fxe3 68.Ng3 Bd5 69.Nb4 Bb7 70.Kf1 Bb2 71.Rc5 Bxa3
72.Rb5 Bc1 73.Rb6+ Kf7 74.Nd3 Bd2 75.Ke2 Bc8 76.Kf3 e2 77.Ne4 g4+ 78.Kxe2 Ba5
79.Rf6+ Kg7 80.Nc5 Bb4 81.Rc6 Bxc5 82.Rxc5 Rxe4+ 83.Kf2 Be6 84.Kg3 Kf6 85.Ra5 Bf5
86.Kh4 Re2 87.Ra6+ Be6 88.Kg3 Re3+  0-1

[Event "Open"]
[Site "Kazimierz Dolny POL"]
[Date "2001.03.14"]
[Round "5"]
[White "Krysztofiak,M"]
[Black "Ciolek,M"]
[Result "1-0"]
[WhiteElo "2296"]
[BlackElo "2085"]

1.e4 c5 2.Nf3 d6 3.Bb5+ Bd7 4.Bxd7+ Qxd7 5.O-O g6 6.c3 Bg7 7.d4 Nf6 8.Qe2 cxd4
9.cxd4 O-O 10.Nc3 Nc6 11.Rd1 Qc7 12.Bg5 Rad8 13.a3 Rfe8 14.Rac1 h6 15.Be3 Qb8
16.d5 Ne5 17.Nxe5 dxe5 18.f3 e6 19.dxe6 Rxd1+ 20.Rxd1 Rxe6 21.Qd2 a6 22.Bxh6 Bxh6
23.Qxh6 Rd6 24.Qc1 Kg7 25.h3 b5 26.Nd5 Nxd5 27.exd5 Qb6+ 28.Kh1 b4 29.f4 bxa3
30.bxa3 exf4 31.Qxf4 Qc5 32.Qe5+ Kg8 33.Rd4 Qc3 34.Kh2 Rd8 35.d6 Rd7 36.h4 Kh7
37.h5 g5 38.Qf5+ Kh6 39.Qf6+ Kxh5 40.g4+  1-0

[Event "Open"]
[Site "Bad Woerishofen GER"]
[Date "2001.03.15"]
[Round "1"]
[White "Proksch,G"]
[Black "Sokolov,And"]
[Result "0-1"]
[WhiteElo "2079"]
[BlackElo "2566"]

1.e4 c5 2.Nf3 d6 3.Bb5+ Nd7 4.d4 Nf6 5.dxc5 Qa5+ 6.Nc3 Nxe4 7.c6 bxc6 8.Bxc6 Nxc3
9.Qd2 Rb8 10.Qxc3 Qxc3+ 11.bxc3 Bb7 12.Ba4 Bxf3 13.gxf3 Kd8 14.Be3 Nb6 15.Rb1 Kc7
16.Bb3 e6 17.Ke2 Be7 18.Rhg1 g6 19.Bd4 Rhc8 20.f4 Rf8 21.c4 Rb7 22.Rgd1 Nd7
23.Ba4 Rxb1 24.Rxb1 Nc5 25.Bxc5 dxc5 26.Rd1 Bd6 27.Ke3 Rb8 28.Bb3 Kd7 29.h3 Ke7
30.Ke4 h6 31.Rg1 Bc7 32.Rd1 f5+ 33.Ke3 g5 34.fxg5 hxg5 35.Ba4 Bd6 36.Kf3 a6
37.Rg1 Kf6 38.Rd1 Rb4 39.Bb3 Rb6 40.Rd3 Ke7 41.Rd1 Be5 42.Rg1 Kf6 43.Rd1 Bd4
44.Ke2 Rb8 45.Rd3 e5 46.c3 e4 47.Rd1 Bxc3 48.Rd6+ Ke5 49.Rd5+ Kf4 50.Kf1 Bd4
51.Kg2 a5 52.Ba4 Rb2 53.Bd7 Rxf2+ 54.Kh1 Kg3  0-1

[Event "1st Masters"]
[Site "Pinamar ARG"]
[Date "2001.03.16"]
[Round "9"]
[White "Ricardi,P"]
[Black "Hobaica,J"]
[Result "1-0"]
[WhiteElo "2554"]
[BlackElo "2306"]

1.e4 c5 2.Nf3 d6 3.Bb5+ Bd7 4.Bxd7+ Qxd7 5.c4 Nc6 6.O-O g6 7.d4 cxd4 8.Nxd4 Bg7
9.Nc2 Nf6 10.Nc3 O-O 11.Ne3 Rac8 12.Rb1 e6 13.b3 Rfd8 14.Bb2 a6 15.Qe2 b5
16.Rfd1 b4 17.Na4 Nxe4 18.Bxg7 Kxg7 19.Qb2+ f6 20.Nb6 Qc7 21.Nxc8 Rxc8 22.Rbc1 Nc3
23.Rxc3 bxc3 24.Qxc3 a5 25.h3 Rd8 26.Nd5 Qf7 27.Nf4 e5 28.Nd5 Qa7 29.Qf3 Qf7
30.Qe3 Qa7 31.Qf3 Qf7 32.Nc3 Nd4 33.Qe3 Qa7 34.Kh1 Qc5 35.Nb5 Ne6 36.Rd5 Qc6
37.g3 f5 38.Kh2 Nc5 39.Nxd6 Nd7 40.Nxf5+  1-0

[Event "Tch-AUT 2000-01"]
[Site "Fuerstenfeld AUT"]
[Date "2001.03.17"]
[Round "10"]
[White "Roth,Pe"]
[Black "Wiedner,R"]
[Result "1-0"]
[WhiteElo "2306"]
[BlackElo "2235"]

1.e4 c5 2.Nf3 d6 3.Bb5+ Bd7 4.a4 Nc6 5.Nc3 a6 6.Bxc6 bxc6 7.O-O Bg4 8.h3 Bh5
9.g4 Bg6 10.d4 cxd4 11.Nxd4 e5 12.Nf5 h5 13.Qf3 hxg4 14.hxg4 Bxf5 15.exf5 d5
16.Re1 Bd6 17.Bf4 f6 18.Rad1 Ne7 19.Bg3 Rb8 20.b3 Qa5 21.Kg2 Bb4 22.Rh1 Kd7
23.Ne2 Bd6 24.Qe3 Qc5 25.Qxc5 Bxc5 26.Rxh8 Rxh8 27.c3 Bd6 28.b4 Nc8 29.f3 Nb6
30.Bf2 Nc4 31.Ng3 Nb2 32.Ra1 Nd3 33.Nh5 e4 34.fxe4 dxe4 35.Bg3 Rg8 36.Rd1 c5
37.bxc5 Bc7 38.Bxc7 Kxc7 39.Ng3 Nxc5 40.Rd4 Re8 41.Kf2 e3+ 42.Ke2 Nb3 43.Re4 Nc1+
44.Kxe3 Rxe4+ 45.Kxe4 Kd6 46.Nh5 Nb3 47.Nxg7 Nc5+ 48.Kd4 Nxa4 49.Ne8+ Ke7
50.Nc7 a5 51.Nd5+ Kf7 52.c4 Nb2 53.c5 a4 54.c6 a3 55.c7 a2 56.c8=Q a1=Q 57.Qe6+ Kg7
58.Qxf6+ Kh7 59.Qf7+ Kh8 60.Qf8+  1-0

[Event "TCh-SVK"]
[Site "SVK"]
[Date "2001.03.17"]
[Round "10"]
[White "Dobrovolsky,L"]
[Black "Debnar,L"]
[Result "1/2-1/2"]
[WhiteElo "2400"]
[BlackElo "2351"]

1.e4 c5 2.Nf3 d6 3.Bb5+ Bd7 4.Bxd7+ Qxd7 5.O-O Nc6 6.c3 Nf6 7.d4 cxd4 8.cxd4 d5
9.e5 Ng8 10.Nc3 e6 11.Bf4 Nge7 12.Rc1 Ng6 13.Bg3 a6 14.Na4 Rb8 15.h4 h5 16.Ng5 Be7
17.Nc5 Bxc5 18.Rxc5 Nge7 19.Bf4 Nf5 20.Nf3 O-O 21.Rc3 Rfc8 22.Re1 Qd8 23.Ng5 g6
24.g4 hxg4 25.Qxg4 Ncxd4 26.h5 Ng7 27.hxg6 fxg6 28.Qh3 Nh5 29.Nxe6 Rxc3 30.bxc3 Nxf4
31.Nxf4 Qg5+ 32.Ng2 Nf5 33.Qf3  1/2-1/2

[Event "Czech Extra League 2000-1"]
[Site "CZE"]
[Date "2001.03.18"]
[Round "9"]
[White "Cicak,S"]
[Black "Hracek,Z"]
[Result "1/2-1/2"]
[WhiteElo "2517"]
[BlackElo "2602"]

1.e4 c5 2.Nf3 d6 3.Bb5+ Nc6 4.c3 Nf6 5.e5 dxe5 6.Nxe5 Qd5 7.Nxc6 bxc6 8.Be2 Bf5
9.d3 Rd8 10.O-O Bxd3 11.Bxd3 Qxd3 12.Qa4 Qd7 13.Be3 e6 14.Na3 Nd5 15.Rad1 Qc7
16.Qg4 h5 17.Qe2 Be7 18.Nc4 g6 19.Bc1 O-O 20.Qe5 Rc8 21.Qxc7 Rxc7 22.Na5 f6
23.a3 Rd8 24.c4 Nb6 25.Rxd8+ Bxd8 26.Rd1 Be7 27.f4 Kf7 28.Be3 Ke8 29.Kf2 Nd7
30.Ke2 f5 31.Bd2 Bf6 32.b4 cxb4 33.axb4 Nb6 34.Be3 Be7 35.Rb1 Rc8 36.Kd3 Rd8+
37.Kc2 Rc8 38.Kb3 Rc7 39.Rd1 Nd7 40.Ra1 Nf6 41.Bd4 Nd7 42.c5 g5  1/2-1/2

[Event "US-China Summit"]
[Site "Seattle USA"]
[Date "2001.03.18"]
[Round "4"]
[White "Qin Kanying"]
[Black "Baginskaite,C"]
[Result "1/2-1/2"]
[WhiteElo "2489"]
[BlackElo "2306"]

1.e4 c5 2.Nf3 d6 3.Bb5+ Nc6 4.Bxc6+ bxc6 5.O-O Bg4 6.c3 Nf6 7.Re1 e6 8.d3 Nd7
9.h3 Bh5 10.Nbd2 Be7 11.Qc2 O-O 12.b3 a5 13.a4 Rb8 14.Ba3 d5 15.c4 d4 16.e5 Rb7
17.Rab1 Re8 18.Nh2 Qb8 19.Ndf3 Bd8 20.Bc1 Bc7 21.Bf4 f6 22.Bg3 fxe5 23.Nd2 Nf6
24.Nhf1 Bg6 25.Nf3 e4 26.dxe4 Nh5 27.Bxc7 Qxc7 28.g3 e5 29.N1h2 Nf6 30.Kg2 Qd7
31.Nd2 Qd6 32.Qd3 Rf8 33.Rf1 Rbf7 34.Rbe1 h6 35.Nhf3 Bh7 36.Nh2 Bg6 37.Nhf3 Bh7
38.Nh4 Qd7 39.Nhf3 Qd6 40.Nh2  1/2-1/2

[Event "TCh-ROM"]
[Site "Sovata ROM"]
[Date "2001.03.21"]
[Round "1"]
[White "Hegedus,Iu"]
[Black "Parligras,C"]
[Result "1-0"]
[WhiteElo "2325"]
[BlackElo "2270"]

1.e4 c5 2.Nf3 d6 3.Bb5+ Nd7 4.d4 cxd4 5.Qxd4 Nf6 6.Bg5 a6 7.Bxd7+ Bxd7 8.Nc3 h6
9.Bh4 Rc8 10.O-O e5 11.Qd3 g5 12.Bg3 Qb6 13.Rab1 Be7 14.Rfd1 Bg4 15.Re1 Qc5
16.Nd2 Be6 17.Nf1 Bd8 18.Rbd1 Ke7 19.a3 Rc6 20.Ne3 Qa7 21.Ncd5+ Bxd5 22.Nxd5+ Nxd5
23.exd5 Rc8 24.Qf5 Bc7 25.Bxe5  1-0

[Event "TCh-ROM"]
[Site "Sovata ROM"]
[Date "2001.03.23"]
[Round "3"]
[White "Negulescu,A"]
[Black "Nevednichy,V"]
[Result "0-1"]
[WhiteElo "2510"]
[BlackElo "2563"]

1.e4 c5 2.Nf3 d6 3.Bb5+ Nd7 4.d4 Nf6 5.Nc3 a6 6.Bxd7+ Nxd7 7.O-O e6 8.dxc5 Nxc5
9.Qd4 b5 10.Bg5 f6 11.Bh4 Be7 12.Bg3 Qb6 13.b4 Nd7 14.a4 bxa4 15.Nxa4 Qc6
16.Qe3 e5 17.Nd2 Bd8 18.c4 Nb6 19.Nb2 Be6 20.Rfc1 O-O 21.f3 Nd7 22.Na4 Rb8
23.Qa3 f5 24.exf5 Bxf5 25.Re1 Bg5 26.b5 axb5 27.cxb5 Rxb5 28.Nc3 Bxd2 29.Qa2+ d5
30.Qxd2 Rc5 31.Nd1 e4 32.fxe4 Bxe4 33.Ne3 Rc3 34.Rad1 Rd3 35.Qa2 Nc5 36.Rc1 Qb6
37.Bf2 Qb5 38.Qa7 Ne6 39.Rb1 Qe8 40.Rb7 Qg6 41.Bg3 d4 42.Nc4 Nf4 43.Rb2 Rxg3
44.hxg3 Qxg3  0-1

[Event "Tch-NED"]
[Site "NED"]
[Date "2001.03.24"]
[Round "7"]
[White "Erwich,Frank"]
[Black "Azadmanesh,M"]
[Result "1/2-1/2"]
[WhiteElo "2318"]
[BlackElo "2174"]

1.e4 c5 2.Nf3 d6 3.Bb5+ Nc6 4.O-O Bd7 5.Re1 Nf6 6.c3 a6 7.Bf1 Bg4 8.d3 g6
9.Nbd2 Bg7 10.h3 Bxf3 11.Nxf3 Rc8 12.Be3 O-O 13.Qd2 Re8 14.Bh6 Bh8 15.a3 Nd7
16.b4 Nce5 17.Nxe5 dxe5 18.Reb1 Qc7 19.b5 a5 20.b6 Qc6 21.c4 Ra8 22.Rb5 a4
23.Be2 Ra6 24.Rab1 Rb8 25.Bd1 Rba8 26.Be3 Bf6 27.f3  1/2-1/2

[Event "Tch-NED"]
[Site "NED"]
[Date "2001.03.24"]
[Round "7"]
[White "Klip,H"]
[Black "Vink,N"]
[Result "1/2-1/2"]
[WhiteElo "2319"]
[BlackElo "2335"]

1.e4 c5 2.Nf3 d6 3.Bb5+ Bd7 4.Bxd7+ Qxd7 5.O-O Nc6 6.c3 Nf6 7.Qe2 e6 8.d4 d5
9.e5 Ng8 10.Nbd2 cxd4 11.cxd4 Bb4 12.Nb3 Na5 13.Qd3 Ne7 14.Nxa5 Bxa5 15.b3 Nc6
16.Be3 Rc8 17.a3 Bd8 18.h4 a6 19.Bg5 Be7 20.Rfc1 O-O 21.b4 Na7 22.Bxe7 Qxe7
23.Rc5 Rc6 24.Rac1 Rfc8 25.Ng5 g6 26.f4 h5 27.Qf3 b6 28.Rxc6 Rxc6 29.Rxc6 Nxc6
30.Qc3 Qd7 31.Qd3 b5 32.Kf2 Kg7 33.Qc3 Qb7 34.Qc5 a5 35.bxa5 Nxa5 36.a4 b4
37.Qxa5 b3 38.Qd8 b2 39.Qf6+ Kg8 40.Qd8+ Kg7 41.f5 gxf5 42.Qf6+ Kg8 43.Nxe6 fxe6
44.Qxe6+ Kf8 45.Qh6+ Kg8 46.Qg6+ Kf8 47.Qh6+  1/2-1/2